00986nam a22002657a 45000010005000000030006000050050017000110080041000280200018000690400029000870500016001160820012001321000042001442450157001862500041003432600034003843000053004185050007004715200103004785210018005815210018005996500042006176500027006597000034006866265FISKH20260320085239.0250407b cb ||||| |||| 00| 0 eng d a9780439581431 aFISKHbengcFISKHdFISKH aE185.K5 F37 a323.092 aFarris, King Christined(1927–2023) aMy brother Martin : bA sister remembers growing up with the Rev. Dr. Martin Luther King JR /cBy Christine King Farris ; Illustrated by Chris Soentpiet aThis edition first published in 2003 aNew York :bScholastic,c2003 a35 pages :bcolor illustrations ;c23 cm x 27 cm aR  aLooks at the early life of Martin Luther King, Jr., as seen through the eyes of his older sister. 8 a750 bLexile 8 aR bRaz-Plus  2African American HistoryaSegregation 2HistoryaMulticultural aSoentpiet, Chrisdillustrator